[Event "Schahin Cury"]
[Site "Americana"]
[Date "1997.07.09"]
[Round "2"]
[White "Zapata, Alonso"]
[Black "Leitao, Rafael Duailibe"]
[Result "1-0"]
[WhiteElo "2505"]
[BlackElo "2515"]
[Annotator "Boensch,U"]
[PlyCount "65"]
[EventDate "1997.07.08"]
[EventType "tourn"]
[EventRounds "10"]
[EventCountry "BRA"]
[EventCategory "9"]
[SourceTitle "CBM 061"]
[Source "ChessBase"]
[SourceDate "1997.11.23"]
[SourceVersion "1"]
[SourceVersionDate "1997.11.23"]
[SourceQuality "1"]

1. e4 c5 2. Nf3 d6 3. d4 cxd4 4. Nxd4 Nf6 5. Nc3 a6 6. Bc4 e6 7. Bb3 Nc6 8. Be3
Be7 9. Qe2 Qc7 10. O-O-O Na5 11. g4 b5 12. g5 Nxb3+ 13. axb3 Nd7 14. Nf5 exf5 (
14... b4 15. Nxg7+ $6 Kf8 16. Qh5 Kxg7 17. Bd4+ Kg8 $3 {Wahls,M-Rechlis Bern 
(zt) 1990} 18. Nd5 $1 exd5 19. g6 fxg6 20. Qxd5+ Kf8 21. Qxa8 $15) 15. Nd5 Qd8
(15... Qc6 $2 16. exf5 Ne5 17. f4 Bxf5 18. fxe5 Rc8 19. c3 dxe5 20. Bf4 $16 {
Hartmann,G-Breyther,R BL 1987}) 16. exf5 Bb7 (16... O-O 17. f6 Nxf6 18. gxf6
Bxf6 19. Bb6 Bg5+ 20. f4 Bxf4+ 21. Kb1 Qg5 22. Rhg1 Qh6 23. Nxf4 Qxf4 24. Qg2
g6 25. Qxa8 $18 {Kotronias,V-Camilleri,H Zouberi zt (3) 1993 1-0 29}) 17. f6 (
17. Rhe1 Bxd5 18. Rxd5 O-O 19. f6 Nxf6 20. gxf6 Bxf6 21. Qd2 Qc7 {1/2
Landenbergue,C-Muir,A Manila olm (08.23.4) 1992}) 17... Bxd5 (17... gxf6 18.
Rhe1 (18. gxf6 $2 Bxd5 19. Rxd5 Nxf6 20. Rf5 $5 Qa5 21. Kb1 O-O-O 22. Bd4 Rhe8
23. Qf3 Nd7 24. Qa8+ Nb8 $17) 18... Bxd5 19. Rxd5 Rg8 20. gxf6 (20. Bf4 Kf8 21.
Qd2 Rxg5 22. Bxg5 fxg5 23. h4 a5 $1 $17 {Hector,J-Fishbein,A Stavanger 1991}) (
20. h4 Rc8 21. f4 Kf8 22. Kb1 Nc5 23. Red1 Qe8 24. Qh5 Rg7 25. Bd4 Nd7 26. Re1
Qd8 27. Qe2 Rg6 28. h5 Rg8 29. Qe4 fxg5 30. Qxh7 Bf6 31. Rf5 Rh8 $19 {Lind,
JO-Schneider,LA SVE-ch (07) 1992 0-1 42}) 20... Nxf6 21. Rf5 Ng4 (21... Rb8 22.
h4 Ne4 23. Bf4 Rg6 24. Qxe4 Re6 25. Qh1 Qd7 26. Rh5 Rc8 27. Kb1 Rc5 28. Rxh7
Rxe1+ 29. Qxe1 Qf5 30. Bxd6 {1-0 Frolov,A-Bagaturov,G Biel izt (13) 1993}) (
21... Rg6 22. Bb6 Qd7 23. Qf3 Rb8 24. Rxf6 Rxb6 25. Qa8+ Qd8 26. Rxe7+ Kxe7 27.
Rxf7+ Kxf7 28. Qxd8 $14 {Furhoff,J-Hjelm,N Stockholm 1992 1/2 63}) 22. Bg5 (22.
Qf3 Rc8 23. Bd4 Ne5 24. Qh3 Rg5 (24... Qc7 25. c3 Rg5 $17) 25. Rxg5 Bxg5+ 26.
Kb1 h6 27. Qf5 (27. Bxe5 dxe5 28. Rxe5+ Kf8 29. Rxg5 hxg5 30. Qh8+ Ke7 31. Qe5+
Kd7 32. Qd5+ Kc7 33. Qc5+ Kb7 $19) 27... Qd7 28. Qe4 Qc6 29. Qf5 Qd7 30. Qe4
Qc6 31. Qf5 Be7 $19 {Zapata,A-Van der Wiel,J/Wijk op 1995/1-0 (64)}) 22... Ne5
23. Bxe7 Qxe7 24. f4 Nd3+ (24... Qe6 25. Qe4 Nd3+ 26. Kd2 Nxe1 27. Qxa8+ Ke7
28. Qb7+ Kf8 29. Qb8+ {1/2 Waitzkin,J-De Firmian,N Bermuda (06) 1995 - CBM 46})
25. cxd3 Qxe2 26. Rxe2+ Kf8 27. Rh5 Rg1+ 28. Kd2 Kg7 $11 {Macieja,
B-Kasimdzhanov,R/WchJM U20 1997/1/2-1/2 (58)}) 18. fxg7 Rg8 19. Rxd5 Rxg7 20.
f4 $1 $146 {Bevor Weiß aktiv wird, stützt er den Pg5 mit f4 und h4. Jetzt sind
die Verfechter der schwarzen Stellung gefragt. Man darf gespannt sein, welche
Verbesserung die nächste Partie in dieser Variante bringt.} (20. Re1 Kf8 (20...
Rg6 21. f4 Re6 22. f5 Re5 23. Rxe5 Nxe5 24. f6 Bxf6 25. gxf6 Qxf6 $15 {Hector,
J-Fishbein,A/Kerteminde 1991/CBM 23/0-1 (60)}) 21. f4 f6 22. Bd4 Rf7 23. Qe6
Rc8 24. b4 {1/2-1/2 Bromberger,S-Sarosi,Z/Tavasz 1997/EXP 58}) (20. Bd4 Rg6 21.
f4 Re6 22. Qh5 Qa5 23. Rd1 Re1 $17 {1-0 Hewig,D-Lisek,J/OLNO 1993/BIG 90 (36)})
20... Kf8 21. h4 Qa5 22. Re1 Re8 23. Bd4 Rg6 24. Bc3 Qd8 25. Qh5 Kg8 26. Kb1 (
26. f5 Bxg5+ 27. hxg5 Rxe1+ 28. Bxe1 Qxg5+ 29. Qxg5 Rxg5 30. Rxd6 $14) 26...
Bf6 27. Rxe8+ Qxe8 28. f5 Bxc3 29. bxc3 Qe1+ 30. Kb2 (30. Rd1 $16) 30... Rg7
31. Rxd6 f6 $4 (31... Nf8 32. f6 Rg6 33. Qg4 $16) 32. Re6 $18 Qg1 33. gxf6 (33.
gxf6 Rf7 34. Re7 Rxe7 35. fxe7 Nf6 36. e8=Q+ Nxe8 37. Qxe8+ Kg7 38. Qe7+ $18)
1-0

[Event "Tilburg"]
[Site "Tilburg"]
[Date "1993.??.??"]
[Round "2"]
[White "De Firmian, Nick E"]
[Black "Shirov, Alexei"]
[Result "0-1"]
[WhiteElo "2545"]
[BlackElo "2685"]
[Annotator "Boensch,U"]
[PlyCount "62"]
[EventDate "1993.11.??"]
[EventType "k.o."]
[EventRounds "7"]
[EventCountry "NED"]
[SourceTitle "CBM 039"]
[Source "ChessBase"]
[SourceDate "1994.04.01"]
[SourceVersion "1"]
[SourceVersionDate "1994.04.01"]
[SourceQuality "1"]

1. e4 c5 2. Nf3 d6 3. d4 cxd4 4. Nxd4 Nf6 5. Nc3 Nc6 6. Bc4 e6 7. Be3 Be7 8.
Qe2 a6 9. O-O-O Qc7 10. Bb3 O-O 11. g4 Nxd4 12. Rxd4 Nd7 13. f4 (13. g5 Nc5 14.
h4 b5 15. f3 Rb8 16. Kb1 a5 17. a3 (17. Nxb5 $4 Rxb5 18. Qxb5 Ba6 $19) 17... b4
18. axb4 axb4 19. Na2 Nxb3 20. cxb3 Qa5 21. Qh2 Bd7 $17 {Frolov,A-Shirov,A
Biel izt (02) 1993 0-1 28}) 13... Nc5 14. f5 $6 $146 (14. g5 f5 15. gxf6 Bxf6
16. e5 dxe5 17. Rc4 Nxb3+ 18. axb3 Qf7 19. Bc5 b5 20. Re4 Bb7 21. Bxf8 Re8 22.
fxe5 Bxe5 23. Rxe5 Bxh1 $15 {Wedberg,T-Mednis,E Copenhagen op (02) 1991 r 29})
14... Bf6 15. g5 $8 Bxd4 16. Bxd4 b5 (16... Nxb3+ 17. axb3 exf5 18. Nd5 $40 Qd8
) 17. Rg1 (17. f6 g6 $17) 17... Bb7 18. Rg4 Nxb3+ 19. axb3 e5 $19 20. Be3 b4
21. Na4 (21. Rh4 g6 $17) 21... Bc6 22. Nb6 (22. Rh4 Bxa4 23. Qh5 Rfc8 24. Qxh7+
Kf8 $19) 22... Rab8 23. Qxa6 Rfd8 24. g6 hxg6 25. fxg6 d5 $1 $19 26. gxf7+ Qxf7
27. Bh6 Qh5 28. Rxg7+ Kh8 29. Bg5 Kxg7 30. Bxd8 Rxd8 31. exd5 Bxd5 (31... Bxd5
32. Nxd5 Rxd5 33. Qb7+ Qf7 $19) 0-1

[Event "RUS-Cup4"]
[Site "Perm"]
[Date "1997.02.09"]
[Round "2"]
[White "Ikonnikov, Dmitrij"]
[Black "Nikolaidis, Ioannis"]
[Result "1-0"]
[WhiteElo "2435"]
[BlackElo "2565"]
[Annotator "Boensch,U"]
[PlyCount "39"]
[EventDate "1997.02.02"]
[EventType "swiss"]
[EventRounds "9"]
[EventCountry "RUS"]
[SourceTitle "CBM 058"]
[Source "ChessBase"]
[SourceDate "1997.06.01"]
[SourceVersion "1"]
[SourceVersionDate "1997.06.01"]
[SourceQuality "1"]

1. e4 c5 2. Nf3 Nc6 3. d4 cxd4 4. Nxd4 Nf6 5. Nc3 d6 6. Bc4 e6 7. Be3 Be7 (7...
a6 8. Bb3 Qc7 9. f4 Be7 10. O-O O-O 11. Qf3 (11. f5 Nxd4 12. Bxd4 b5 13. a3 Rb8
14. Qd3 b4 15. axb4 Rxb4 16. fxe6 fxe6 17. Kh1 Kh8 18. Rae1 a5 19. Na2 Ba6 20.
Qxa6 Rxd4 21. Nc3 Rd2 22. Nb1 Rd4 23. Nc3 Rb4 24. e5 dxe5 25. Qxe6 Rbb8 26.
Qxe5 Bd6 27. Qf5 Bxh2 28. Nd5 Qd6 29. Re6 Ng4 30. Rxd6 Rxf5 31. Rxf5 Bxd6 32.
g3 g6 33. Rf1 Be5 34. Ra1 Rf8 35. Nf4 g5 36. Ne6 Rf2 37. Rxa5 h6 38. Ra8+ Kh7
39. Nf8+ Kg7 40. Ne6+ Kg6 41. Rg8+ Kf5 42. Kg1 Bxg3 43. Rf8+ Ke4 44. Rxf2 Bxf2+
45. Kg2 Be3 46. c4 Bc1 47. c5 Ne5 48. Nd8 {1/2-1/2 Egorov,E-Chiburdanidze,M/
RUS-Cup4 1997}) 11... b5 (11... Nxd4 12. Bxd4 e5 13. Be3 Be6 14. f5 Bxb3 15.
axb3 b5 16. Bg5 b4 17. Bxf6 Bxf6 18. Nd5 Qxc2 19. Rf2 Qc5 20. Qg4 Kh8 21. Raf1
Rac8 22. h3 Qd4 23. Kh2 Rg8 24. Rf3 Qd2 25. Rg3 Qh6 26. Qe2 a5 27. Qa6 Rc2 28.
Qxa5 Bg5 29. Qxb4 Rxb2 30. Qc3 Re2 31. Qd3 Rd2 32. Qc3 Rxd5 33. exd5 Bf4 34.
Rxf4 Qxf4 35. Qf3 Qxf3 {1/2-1/2 Lukin,A-Grishanovich,S/St Petersburg-ch 1997})
12. e5 Nxd4 13. Bxd4 dxe5 14. fxe5 Nd7 15. Ne4 Bb7 16. Qf4 Bxe4 17. Qxe4 Bc5
18. c3 Nxe5 19. a4 Rad8 20. axb5 axb5 21. Rad1 Nc4 22. Rf2 e5 23. Bxc5 Qxc5 24.
Qe2 Rxd1+ 25. Qxd1 Nxb2 26. Qd5 Qe3 27. Qf3 Qxf3 28. Rxf3 Nc4 29. Rd3 g6 30.
Rd5 Rb8 31. Bxc4 bxc4 32. Rxe5 Rb1+ 33. Kf2 Rc1 34. Re3 Rc2+ 35. Kf3 f5 36. Re7
Rxc3+ 37. Kf4 Rc2 38. Kg5 Kf8 39. Rxh7 Rxg2+ 40. Kf6 Ke8 41. Rc7 Rc2 42. Re7+
Kd8 43. Re1 Rxh2 44. Kxg6 Kd7 {0-1 Lukin,A-Aseev,K/St Petersburg-ch 1997}) 8.
Qe2 a6 (8... O-O 9. Rg1 Na5 10. Bb3 e5 11. Nf3 Nxb3 12. axb3 a6 13. Bg5 Be6 14.
O-O-O Qa5 15. Kb1 Rfd8 16. Bxf6 Bxf6 17. Nd5 Rac8 18. Nxf6+ gxf6 19. g4 Rc6 20.
Nh4 Rdc8 21. Rd2 Kf8 22. Rgd1 Ke7 23. Qf3 Qc7 24. Rc1 b5 25. Nf5+ Bxf5 26. Qxf5
Rg8 27. f3 Rg6 28. Re1 b4 29. Qh5 h6 30. Qh4 Qa7 31. Ree2 a5 32. f4 a4 33. fxe5
{Romanovich,L-Stotika,V/St Petersburg-ch 1997/0-1 (45)}) 9. O-O-O Qc7 10. Bb3
O-O 11. Rhg1 Nd7 12. g4 Nc5 13. g5 (13. Kb1 Nxd4 (13... b5 14. Nxc6 Qxc6 15.
Nd5 Ra7 16. g5 exd5 17. Bxd5 Qe8 18. g6 Bf6 19. f4 Nxe4 20. Qh5 hxg6 21. Rxg6
Be6 22. Bxe4 Bxa2+ 23. Kxa2 Qxe4 24. Rxf6 Qxe3 25. Rfxd6 Rc7 26. R1d3 Qxf4 27.
R3d4 g6 28. Rxf4 gxh5 29. Rf5 Re8 30. c3 Re2 31. Rxh5 Rxc3 32. Rxa6 Rcc2 33.
Rxb5 {1/2-1/2 Pavlovic,M-Krakops,M/Ubeda op 1997}) 14. Bxd4 b5 15. g5 Re8 16.
Qh5 g6 17. Qh6 Bf8 18. Qh4 Nxb3 19. axb3 Bb7 20. Bf6 Rac8 21. Rd2 h5 22. gxh6
Kh7 23. Rgd1 e5 24. Bg7 Be7 25. Qg4 b4 26. Nd5 Bxd5 27. exd5 Rb8 28. f4 f5 29.
Qh3 exf4 30. Rg1 Bf8 31. Rdg2 Rbc8 32. Bd4 Re4 33. Rxg6 Qxc2+ 34. Ka2 Rxd4 35.
Rg7+ Kh8 36. Rg8+ Kh7 {1-0 Pavlovic,M-Arakhamia,K/GRE-chT Athens 1996}) (13.
Nf5 Rd8 (13... b5 14. Nxe7+ Qxe7 15. g5 $1 Bb7 16. f3 Rac8 17. Kb1 Rc7 $13 {
Rytshagov,M-Shirov,A/URS/1990/0,5/22/}) (13... Nxb3+ 14. axb3 b5 15. Nxe7+ Nxe7
16. Qd3 d5 17. exd5 Nxd5 18. Nxd5 exd5 19. f4 Bb7 20. Rg3 Qe7 21. Bd4 Rfe8 22.
f5 {Nijboer,F-Cebalo,M/Luzern/1989/0,5/22/}) 14. Nxe7+ Qxe7 (14... Nxe7 $5 15.
g5 b5 $13) 15. g5 b5 16. Qh5 Bb7 $2 (16... b4 17. Na4 Nxe4 18. f3 Nc5 19. Nxc5
dxc5 20. Rxd8+ Qxd8 21. Rg4 g6 22. Qh6 Qf8 23. Qxf8+ Kxf8 24. Bxc5+ $16) (16...
Rb8 $1 17. Rg3 g6 18. Qh6 Qf8 19. Qh4 a5 $132) 17. Rg3 g6 18. Qh6 Qf8 19. Qh4
Qe7 (19... Rac8 20. Rh3 Qg7 21. f4 $40 {/\f5-f6/}) 20. Rh3 h5 21. gxh6 Qxh4 22.
Rxh4 Nxb3+ (22... Kh7 23. Bg5 Rd7 24. Bf6 b4 25. Ne2 Ne5 26. Ng1 $1 g5 $1 $8
27. Bxg5 Nxe4 28. Be3 $16) 23. axb3 f6 24. Rh3 $1 Rd7 $2 (24... Ne5 25. f3 $16)
25. Bc5 Ne5 (25... Rad8 26. Bb6 Rc8 27. Rhd3 b4 28. Na4 Ne5 29. Rd4) 26. Rxd6
Rxd6 27. Bxd6 Nf7 28. Be7 Ng5 (28... f5 29. h7+ Kg7 30. e5 $1 Nxe5 31. h8=Q+
Rxh8 32. Rxh8 Kxh8 33. Bf6+ $18) 29. Rd3 Nxe4 30. Rd7 Nxc3 31. Bxf6 $1 {
1-0 Yudasin,L-Sher,M/RUS-Cup1 Chigorin-mem 1996}) 13... b5 (13... Bd7) 14. Qh5
Nxd4 (14... b4 15. Nxc6 $1 (15. Rg3 bxc3 16. Rh3 Nxb3+ 17. axb3 h6 18. Rg1 Qa5
19. Kb1 Nxd4 20. Bxd4 Bxg5 21. Bxg7 cxb2 22. Bxb2 {1-0 Klundt,K-Renner,C/
Augsburg 1986}) (15. Nce2 Re8 16. Rg3 g6 17. Qh4 h5 18. Nf4 Nxb3+ 19. Nxb3 Kg7
20. Nd3 a5 21. f4 Bd7 22. Nd4 Rec8 23. Rd2 Nxd4 24. Bxd4+ Kh7 25. Bf6 Bxf6 26.
gxf6 Qc4 27. Rg5 Qxe4 28. Rdg2 Qe3+ 29. Kb1 Qf3 30. Nc1 Bc6 31. R2g4 Qxg4 32.
Rxg4 Be4 33. Nd3 Rc7 34. Qg5 Rac8 35. Rh4 Bf3 36. Rh3 Bd1 37. Ne1 Rc5 38. Qg3
Bxc2+ 39. Nxc2 Rxc2 40. Qg1 R8c5 41. Rxh5+ Rxh5 42. Kxc2 Rf5 43. Qd4 Rd5 44.
Qa7 Kg8 45. Qb8+ {1-0 Aatrhi,R-Moncayo,E/WchJW-U16 Guarapuava 1995}) 15...
Nxb3+ 16. axb3 Qxc6 17. Bd4 $3 bxc3 18. Qh6 cxb2+ 19. Kxb2 e5 20. Bxe5 dxe5 21.
Qxc6 Be6 22. Qc3 a5 23. Qxe5 Rfc8 24. f4 a4 25. Ra1 a3+ 26. Kb1 Bb4 27. Rg3 Rd8
28. Rd3 g6 29. f5 {1-0 Ligterink,G-Weinstein,N/Wijk-B 1975}) (14... g6 $1 15.
Qh6 Re8 16. Rg3 Bf8 17. Qh4 b4 (17... Be7 18. Qh6 Bf8 19. Qh4 {1/2-1/2
Doncevic,D-Fahnenschmidt,G/BL8384 1984}) 18. Rh3 h5 19. gxh6 bxc3) (14... Rd8
15. Nxc6 Nxb3+ (15... Qxc6 16. Bd5 exd5 17. Nxd5 Qe8 18. Nf6+ Bxf6 19. gxf6 g6
20. Bxc5 Qf8 21. Bb6 Re8 22. f3 Bb7 23. Qg5 Rac8 24. Bd4 Kh8 25. h4 h5 26. Be3
Re6 27. Rd2 Rce8 28. Rgd1 Kg8 29. Bf4 Rd8 30. Bh2 Kh7 31. Qf4 Rd7 32. Rxd6
Rexd6 33. Rxd6 Rxd6 34. Qxd6 Qxd6 35. Bxd6 g5 36. hxg5 Kg6 37. Bf4 h4 38. Kd2
Bc8 39. Ke3 Be6 40. b3 h3 41. Kd4 Bd7 42. c4 bxc4 43. bxc4 Ba4 44. c5 Bd1 45.
c6 Bxf3 46. c7 Bg4 47. Kc5 {1-0 Djurhuus,R-Kaspersen,M/Copenhagen op 1988}) 16.
axb3 Qxc6 17. Rg3 g6 18. Qh6 Bf8 19. Qh4 Be7 20. Bd4 h5 21. Bf6 Qe8 (21... Qc7
22. Ne2 e5 23. f4 b4 24. fxe5 dxe5 25. Rxd8+ Bxd8 26. Rd3 Bg4 27. Qe1 Bxf6 28.
gxf6 Qc6 29. h3 Rc8 30. Qd2 Bxe2 31. Qxe2 Qxf6 32. Kb1 Rd8 33. Ka2 Rxd3 34.
Qxd3 Qb6 35. c3 a5 36. Qd5 Qc7 37. c4 Kf8 38. c5 Ke7 39. h4 f6 40. c6 g5 41.
hxg5 fxg5 42. Qc5+ Ke8 43. Qd5 g4 44. Qe6+ Kf8 45. Qf6+ Ke8 {1/2-1/2 Arnold,
L-Escher,T/BL2-S 1995}) 22. f4 Bb7 23. f5 b4 24. Ne2 exf5 25. Nf4 Bxf6 26. gxf6
Qxe4 27. Nxg6 Qxh4 28. Nxh4+ Kf8 29. Nxf5 Be4 30. Ne7 Ke8 31. Re3 {1-0 Kamp,
A-Kojtka,W/NRW-II 1987}) 15. Bxd4 Nxb3+ (15... b4 16. Nd5 Nxb3+ 17. axb3 exd5
18. Qh6 f6 19. gxf6 Bxf6 20. Bxf6 Rf7 21. Rxd5 Kf8 22. Rdg5 Rxf6 23. Qxf6+ gxf6
24. Rg8+ Ke7 25. R1g7+ Ke6 26. Re8+ {1-0 Van Beek,L-Santos,P/EU-chJM U14
Rimavska Sobota 1992}) (15... Bb7 16. Rg4 Nxb3+ 17. axb3 e5 18. Be3 Rac8 19.
Rd2 g6 20. Qh6 f5 21. gxf6 Bxf6 22. Bg5 Bg7 23. Qh4 Rf7 24. Qg3 h5 25. Rh4 Kh7
26. Nd5 Bxd5 27. exd5 Rf5 28. Be3 Qf7 29. Qg2 e4 30. Rxe4 Rxd5 31. Bd4 Bh6 32.
f4 Rf5 33. Be3 Qxb3 34. Re7+ Rf7 35. Qb7 Rxc2+ 36. Rxc2 Qxe3+ 37. Rxe3 Rxb7 38.
Rf3 Rf7 39. Kd1 Bg7 40. b3 {Koch,J-Relange,E/FRA-ch 1994/1/2-1/2 (56)}) 16.
axb3 b4 (16... Rd8 17. Rd3 e5 18. Nd5 Qb7 19. Nf6+ gxf6 20. gxf6+ Kf8 21. fxe7+
Qxe7 22. Qh6+ Ke8 23. Bc5 Be6 24. Rg8+ Kd7 25. Rxd6+ {1-0 Servat,R-Walicki,D/
ARG-chJ Neuquen 1986}) (16... g6 17. Qh6 f6 18. Rd3 Rf7 (18... Bd8 19. gxf6
Bxf6 20. Bxf6 Rxf6 21. Qh4 Rf8 22. Rgd1 Bb7 23. Rxd6 b4 24. Ne2 Bd5 25. e5 Bxb3
26. Nd4 Rac8 27. Rd2 Bd5 28. Nxe6 Bxe6 29. Rxe6 Qa5 30. Rd7 Rxc2+ 31. Kxc2 Qa4+
32. Kb1 Qxd7 33. Qc4 Qd1+ 34. Ka2 b3+ 35. Ka3 Qa1+ 36. Kxb3 Rf3+ 37. Kb4 Qe1+
38. Kc5 Qxf2+ 39. Kc6 Kg7 40. Re7+ Kh6 41. Qc1+ g5 42. h4 Qe3 43. hxg5+ Kxg5
44. Qc2 h5 45. e6 Rf2 46. Rg7+ Kh4 47. Qc4+ Rf4 48. Qd5 Rf1 49. Rg2 Rc1+ 50.
Kb7 Qf4 51. Rg7 a5 52. Rd7 Rb1 53. e7 Rxb2+ 54. Ka6 {1/2-1/2 Petrik,T-Medina,E/
WchJM-U18 Guarapuava 1995}) 19. gxf6 Bxf6 20. Rxg6+ hxg6 21. Qxg6+ Rg7 22. Qe8+
{1-0 Pils,W-Aigmueller,M/AUT-chT 1991}) 17. Bf6 (17. Qh6 $1 e5 (17... f6 18.
gxf6 Bxf6 19. Bxf6 Rxf6 20. Qxf6 bxc3 21. Rxd6 $18) 18. Nd5 gxh6 (18... Qd8 19.
Nf6+ Bxf6 20. gxf6 $18)) 17... Re8 18. Rd3 Qa5 (18... bxc3 19. Rh3 h6 20. Qxh6
cxb2+ 21. Kxb2 gxh6 22. Rxh6 Bxf6+ 23. gxf6+ Kf8 24. Rh8#) 19. Rh3 h6 20. Qxh6
$1 (20. Qxh6 Qa1+ 21. Nb1 gxh6 22. Rxh6 Bxf6 23. gxf6+ Kf8 24. Rh8#) 1-0

[Event "EU-chT (Men) 11th"]
[Site "Pula"]
[Date "1997.05.??"]
[Round "8.2"]
[White "Fedorov, Alexei"]
[Black "Lanka, Zigurds"]
[Result "1-0"]
[WhiteElo "2580"]
[BlackElo "2575"]
[Annotator "Boensch,U"]
[PlyCount "49"]
[EventDate "1997.05.05"]
[EventType "team-swiss"]
[EventRounds "9"]
[EventCountry "CRO"]
[SourceTitle "CBM 057 Extra"]
[Source "ChessBase"]
[SourceDate "1997.05.01"]
[SourceVersion "1"]
[SourceVersionDate "1997.05.01"]
[SourceQuality "1"]
[WhiteTeam "Belarus"]
[BlackTeam "Latvia"]
[WhiteTeamCountry "BLR"]
[BlackTeamCountry "LAT"]

1. e4 {Petursson} c5 2. Nf3 Nc6 3. d4 cxd4 4. Nxd4 Nf6 5. Nc3 d6 6. Bc4 e6 7.
Be3 Be7 8. Qe2 a6 9. O-O-O Qc7 10. Bb3 O-O 11. Rhg1 Nd7 12. g4 Nc5 13. Nf5 b5
14. Bd5 {King There is something very appealing about the way Shirov declines
to capture any of the sacrificed pieces, but instead seeks to build up his own
attack. The course of the game proves Black's strategy to be correct.} Bb7 (
14... exd5 $2 15. Nxd5 Qb7 16. e5 $1 Ne6 17. exd6 Bd8 18. f4 $40 {Hellers,
S-Mednis,E Copenhagen op (09) 1991 1/2 48}) (14... Re8 $2 15. Nxe7+ Rxe7 16. e5
Nb7 17. exd6 Qxd6 18. Be4 Qc7 19. g5 Ne5 20. Rg3 Ng6 21. Qh5 Nf8 22. Bxh7+ Nxh7
23. Rh3 {1-0 Nijboer,F-Hon,A London Loyds 1992}) 15. g5 Rfc8 (15... exf5 $6 16.
g6 $1 hxg6 17. Rxg6 Ne5 18. Rxg7+ $3 Kxg7 19. Rg1+ Ng6 20. exf5 Rh8 21. Bd4+
Bf6 22. fxg6 fxg6 23. Qg4 Rh6 24. Bxf6+ Kh7 25. Re1 Bxd5 26. Nxd5 Qc8 27. Re7+
Kg8 28. Rg7+ Kf8 29. Rg8+ Kxg8 30. Ne7+ {1-0 Sokolov,A-Salov,V Nikolaev 1983 -
Inf.36/322}) (15... b4 $6 16. g6 (16. Qh5 Ne5 17. Rg3 exf5 18. exf5 bxc3 19. g6
cxb2+ 20. Kb1 hxg6 21. fxg6 Nxg6 22. Qxg6 Ne6 23. Bxe6 Bf6 24. Qxf6 fxe6 25.
Qxe6+ Qf7 26. Rxg7+ {1-0 Sion Castro,M-Rivera,D/Cordoba op 1991/EXT 91op})
16... hxg6 17. Na4 exd5 18. Nxc5 dxc5 19. exd5 Bf6 20. dxc6 Bxc6 21. Nd6 Qe7
$17 {Levitina,I-Ioseliani,N USSR 1977 0-1 27 - Inf. 24/386}) (15... Rfe8 16.
Qh5 Ne5 17. f4 Ng6 18. Rg3 b4 19. Rh3 Nf8 20. Bd4 exd5 21. Bxg7 Bd8 22. Bd4 f6
23. gxf6 Ng6 24. f7+ {1-0 Ginsburg,G-Lanka,Z/Cappelle la Grande op 1997/EXP 57}
) 16. Rg3 {->} Ne5 (16... b4 17. Rh3 g6 18. Nh6+ Kg7 19. Bxc6 bxc3 20. Qf3
cxb2+ 21. Kb1 Rf8 22. Ng4 $1 $40 {Efimov,O-Starodubcev USSR 1989 1-0 40 - Inf.
48/355}) (16... exf5 17. g6 Ne5 18. exf5 $40) (16... Bf8 $5 {Romero Holmes})
17. Rh3 (17. Bxb7 $2 $146 Nxb7 $2 (17... Qxb7 18. Nxe7+ Qxe7 19. f4 Ned7 $132)
18. Nxe7+ $6 (18. Bb6 $1 Qd7 19. Bd4 exf5 20. Bxe5 Qe6 21. Bd4 b4 22. Nd5 Bd8
$14) 18... Qxe7 19. Bd4 b4 $1 20. Na4 Nc4 $1 21. b3 $5 Na3 $15 {0-1 Sion
Castro,M-Shirov,A/Leon 1995/CBM 48/[Shirov] (33)}) (17. f4 $1 exf5 18. Bxc5 $1
Ng6 19. Be3 b4 20. Bxb7 Qxb7 21. Nd5 fxe4 22. f5 $16) 17... Ng6 18. Qh5 Nf8 19.
Nxg7 $3 $18 (19. Bd4 Bxd5 20. Qh6 Bxg5+ 21. Qxg5 f6 22. Nh6+ Kh8 23. Qxf6 e5
24. Qf3 Be6 25. Bxc5 Qxc5 26. Rg3 b4 27. Nf7+ Bxf7 28. Qxf7 Rc7 29. Qd5 {
Brunner,L-Wittman/Graz/1991/} Rac8 $19) 19... Bxd5 (19... Kxg7 20. Bd4+ Kg8 (
20... e5 $4 21. Qxf7+ Kh8 22. Qg8#) 21. Qh6 e5 (21... f6 22. gxf6 Bd8 23. Rg1+
Kf7 (23... Ng6 24. Rxg6+ hxg6 25. Qxg6+ Kf8 26. Rh8#) 24. Rg7+ Ke8 25. Qh5+ Ng6
26. Qxg6+ hxg6 27. Rh8#) 22. Bxc5 dxc5 (22... Qxc5 23. g6 Bxd5 24. gxh7+ Kh8
25. Qg7+ $3 Kxg7 26. h8=Q+ Kg6 27. Qh6#) 23. g6 $18 (23. g6 {Petursson} Bg5+
24. Qxg5 Nxg6 25. Qh6 $18)) 20. Qh6 e5 (20... Bxg5 21. Bxg5 f6 (21... Nxe4 {
Petursson} 22. Rg1 Ng6 23. Be7 Qxe7 24. Qxh7+ Kf8 25. Qh8+ Nxh8 26. Rxh8#) 22.
exd5 fxg5 23. Nh5 $18) 21. Nh5 $1 (21. Nf5 $1 Nce6 $8 22. Nxe7+ Qxe7 23. Nxd5
Qd8 24. Nf6+ Kh8 25. Qxh7+ Nxh7 26. Rxh7#) 21... Nce6 22. exd5 b4 23. dxe6 Nxe6
24. Nf6+ Bxf6 25. gxf6 1-0